Closest country acrostics- U countries - Statistics

General Stats
  • This quiz has been taken 376 times
  • The average score is 60 of 73
Answer Stats
Hint Answer % Correct
A Angola
96%
R Romania
93%
U United Arab Emirates
92%
G Gabon
91%
K Kosovo
91%
U United Kingdom
91%
D Djibouti
90%
E Estonia
90%
I Italy
89%
D Denmark
88%
I Ireland
88%
N Netherlands
88%
A Austria
87%
E Estonia
87%
I Iran
87%
N Nigeria
87%
U Ukraine
87%
U Uzbekistan
87%
G Germany
86%
N Norway
86%
O Oman
86%
D Djibouti
85%
I Italy
85%
K Kosovo
85%
N Nicaragua
85%
T Turkmenistan
85%
U United Kingdom
85%
U United States
85%
Y Yemen
85%
Z Zambia
85%
E Eritrea
84%
E El Salvador
83%
I India
83%
N Norway
83%
S Saint Kitts and Nevis
83%
T Trinidad and Tobago
83%
U United Kingdom
83%
A Argentina
82%
G Guyana
82%
K Kyrgyzstan
82%
A Antigua and Barbuda
81%
A Azerbaijan
81%
B Bahrain
81%
D Dominican Republic
81%
I Iraq
81%
U Uganda
81%
M Monaco
80%
N Nepal
80%
R Romania
80%
T Tajikistan
80%
S Saint Lucia
79%
S Saudi Arabia
79%
U United Arab Emirates
79%
A Afghanistan
78%
A Armenia
78%
E Ecuador
78%
E Egypt
78%
N Nepal
78%
T Tunisia
78%
A Afghanistan
77%
D Djibouti
77%
I Iceland
77%
E Ethiopia
76%
T Tajikistan
76%
B Bahrain
74%
R Russia
74%
A Armenia
72%
E Egypt
71%
S Saudi Arabia
70%
M Maldives
69%
T Togo
67%
T Tunisia
67%
R Republic of the Congo
65%
No matching quizzes found
Score Distribution
Percent of People with Each Score
Percentile by Number Answered
Your Score History
You have not taken this quiz